Drying and storage of cereal grains
Gorde:
| Egile nagusia: | |
|---|---|
| Formatua: | Liburua |
| Hizkuntza: | ingelesa |
| Argitaratua: |
Chichester, West Sussex, United Kingdom.
John Wiley and Sons,
2017
|
| Edizioa: | 2a. ed |
| Gaiak: | |
| Etiketak: |
Etiketa erantsi
Etiketarik gabe, Izan zaitez lehena erregistro honi etiketa jartzen!
|
MARC
| LEADER | 00000cam a2200000 a 4500 | ||
|---|---|---|---|
| 001 | UCC7370 | ||
| 003 | CL-VaPUC | ||
| 005 | 20211203133250.0 | ||
| 008 | 190322e20170000uk |||||||||||||||||eng|d | ||
| 999 | |c 374034 |d 374032 | ||
| 020 | |a 9781119124238 | ||
| 040 | |c Pontificia Universidad Católica de Valparaíso | ||
| 082 | 0 | 4 | |a 663.102 BAL 2017 |2 21 |
| 100 | 0 | |a Bala, Bilash Kanti |e author |9 601963 | |
| 245 | 1 | 0 | |a Drying and storage of cereal grains |
| 250 | |a 2a. ed | ||
| 260 | |a Chichester, West Sussex, United Kingdom. |b John Wiley and Sons, |c 2017 | ||
| 300 | |a 335 páginas | ||
| 583 | |a last modification |c 20190322 14:57:00 |k Rodrigo Vera | ||
| 650 | 0 | |a Secado de grano |2 CL-VaPUC |9 601964 | |
| 650 | 0 | |a Almacenamiento de cereales |2 CL-VaPUC |9 326061 | |
| 942 | |c BK |2 ddc | ||
| 945 | |d 20190322 14:57:00 |a dcastane | ||
| 952 | |0 0 |1 0 |2 ddc |3 erd |4 0 |6 663_102000000000000_BAL_2017 |7 0 |8 A |9 492391 |a BIBAGR |b BIBAGR |i 5539307 |o 663.102 BAL 2017 |p 5539307 |r 2025-01-20 |w 2019-11-24 |y BK |z Catalogado en:20190322 |k DCA | ||